| 000 | 00676nam a22001577a 4500 | ||
|---|---|---|---|
| 008 | 170309b xxu||||| |||| 00| 0 eng d | ||
| 082 |
_22016 _aUT 0710 _bF39 |
||
| 100 |
_919186 _aFernandez, Joyce Marie A. |
||
| 245 |
_aAntas ng Pagbasa May Pang-Unawa Sa Parabula ng mga Mag-aaral sa Ikasampung Taon Sa Sekondarya ng Barangay Banate Malungon, Sarnngani Province Taon 2016-2017. _cJoyce Marie A. Fernandez, Anarez D. ong and arvi C. Tompong. |
||
| 300 |
_a47 pages; _b28 cm. |
||
| 650 | 0 |
_919187 _aEducation _vFilipino _xUndegraduate Thesis. |
|
| 700 |
_919188 _aFernandez, Joyce Marie A. |
||
| 700 |
_919189 _aOng, Anarez D. |
||
| 700 |
_919190 _aTompong, Arvi C. |
||
| 942 |
_2ddc _cUT |
||
| 999 |
_c6373 _d6373 |
||